Diputació de Barcelona : Qui som? : Perquè ningú es quedi enrere Perquè ningú es quedi enrere

Publicado: Barcelona : Diputació de Barcelona , 2023
Descripción Física: 1 tríptic DIN A-4; il. col. ; 21 x 30 cm
Idioma: Catalán

MARC

LEADER 00000nam a22000007a 4500
001 28405
003 AGDB
005 20260324181522.0
008 240304b spa||||| |||| 00| 0 cat d
017 |a B 16125-2023 
040 |a agdb  |b cat 
110 1 |a Barcelona (Catalunya : Província).  |b Diputació  |9 52408 
245 |a Diputació de Barcelona : Qui som? :   |b Perquè ningú es quedi enrere 
250 |a Setembre 2023 
260 |a Barcelona :   |b Diputació de Barcelona ;   |c 2023 
300 |a 1 tríptic DIN A-4;   |b il. col. ;   |c 21 x 30 cm 
546 |a També en castellà (R. 28406), anglès (R. 28407) i francès (R. 28408). 
610 1 0 |a Barcelona (Catalunya : Província).  |b Diputació  |9 52408 
655 0 |a Fulletons  |9 55858 
942 |2 udc  |c ARXIU  |n 1 
952 |0 0  |1 0  |4 0  |6 FU7653  |7 1  |9 96786  |a Arxiu  |b Arxiu  |d 2024-03-04  |l 0  |o FU-76-53  |p 28405  |r 2024-03-04 00:00:00  |w 2024-03-04  |y ARXIU 
999 |c 128627  |d 128627